Çankaya'nın Mahalleleri - Statistics

General Stats
  • This quiz has been taken 2 times
  • The average score is 13 of 124
Answer Stats
Answer % Correct
Kızılay
100%
Söğütözü
100%
Anıttepe
50%
Beytepe
50%
Birlik
50%
Büyükesat
50%
Çayyolu
50%
Cevizlidere
50%
Çukurambar
50%
Devlet
50%
Gaziosmanpaşa
50%
Hilal
50%
Kırkkonaklar
50%
Koru
50%
Küçükesat
50%
Maltepe
50%
Mustafa Kemal
50%
Mutlukent
50%
Or-An
50%
Seyranbağları
50%
Ümit
50%
Üniversiteler
50%
Yıldızevler
50%
Yukarı Dikmen
50%
100. Yıl
0%
50. Yıl
0%
Ahlatlıbel
0%
Akarlar
0%
Akpınar
0%
Alacaatlı
0%
Arka Topraklık
0%
Aşağı İmrahor
0%
Aşağı Öveçler
0%
Aşıkpaşa
0%
Ata
0%
Aydınlar
0%
Ayrancı
0%
Aziziye
0%
Bademlidere
0%
Bağcılar
0%
Bahçelievler
0%
Balgat
0%
Barbaros
0%
Bayraktar
0%
Boztepe
0%
Çamlıtepe
0%
Çankaya
0%
Çavuşlu
0%
Cebeci
0%
Çiğdem
0%
Cumhuriyet
0%
Dilekler
0%
Dodurga
0%
Doğuş
0%
Dumlupınar
0%
Ehlibeyt
0%
Emek
0%
Ertuğrul Gazi
0%
Erzurum
0%
Esatoğlu
0%
Eti
0%
Evciler
0%
Fakülteler
0%
Fidanlık
0%
Gökkuşağı
0%
Göktürk
0%
Güvenevler
0%
Güzeltepe
0%
Harbiye
0%
Huzur
0%
İleri
0%
İlkadım
0%
İlkbahar
0%
İlker
0%
İncesu
0%
İşçi Blokları
0%
Karahasanlı
0%
Karapınar
0%
Karataş
0%
Kavaklıdere
0%
Kazım Özalp
0%
Keklik pınarı
0%
Kızılırmak
0%
Kocatepe
0%
Kömürcü
0%
Konutkent
0%
Korkutreis
0%
Kültür
0%
Malazgirt
0%
Mebusevleri
0%
Meşrutiyet
0%
Metin Akkuş
0%
Metin Oktay
0%
Mimar Sinan
0%
Muhsin Ertuğrul
0%
Murat
0%
Mürsel Uluç
0%
Naci Çakır
0%
Namık Kemal
0%
Nasuh Akar
0%
Oğuzlar
0%
Ön Cebeci
0%
Orta İmrahor
0%
Osman Temiz
0%
Öveçler
0%
Prof. Dr. Ahmet Taner Kışlalı
0%
Remzi Oğuz Arık
0%
Sağlık
0%
Sancak
0%
Şehit Cengiz Karaca
0%
Şehit Cevdet Özdemir
0%
Sokullu Mehmet Paşa
0%
Tınaztepe
0%
Tohumlar
0%
Topraklık
0%
Umut
0%
Yakupabdal
0%
Yaşamkent
0%
Yayla
0%
Yeşilkent
0%
Yücetepe
0%
Yukarı Bahçelievler
0%
Yukarı Öveçler
0%
Zafertepe
0%
No matching quizzes found
Score Distribution
Percent of People with Each Score
Percentile by Number Answered
Your Score History
You have not taken this quiz